<?xml version="1.0" encoding="UTF-8"?>
<record
    xmlns:xsi="http://www.w3.org/2001/XMLSchema-instance"
    xsi:schemaLocation="http://www.loc.gov/MARC21/slim http://www.loc.gov/standards/marcxml/schema/MARC21slim.xsd"
    xmlns="http://www.loc.gov/MARC21/slim">

  <leader>00605nam a22001577a 4500</leader>
  <controlfield tag="003">OSt</controlfield>
  <controlfield tag="005">20151208102750.0</controlfield>
  <controlfield tag="008">151208b        xxu||||| |||| 00| 0 eng d</controlfield>
  <datafield tag="040" ind1=" " ind2=" ">
    <subfield code="c">RUA </subfield>
  </datafield>
  <datafield tag="082" ind1=" " ind2=" ">
    <subfield code="a">ATM CHU 2000 B191 Or.1</subfield>
  </datafield>
  <datafield tag="100" ind1=" " ind2=" ">
    <subfield code="9">4517</subfield>
    <subfield code="a">CHUN NIMUL; &#x1787;&#x17BB;&#x1793; &#x1793;&#x17B7;&#x1798;&#x179B;</subfield>
  </datafield>
  <datafield tag="245" ind1=" " ind2=" ">
    <subfield code="a">Field testing of local-made centrifugal pump.&#x200B;&#x1780;&#x17B6;&#x179A;&#x179F;&#x17B6;&#x1780;&#x1796;&#x17B7;&#x179F;&#x17C4;&#x1792;&#x1793;&#x17CD;&#x1793;&#x17C5;&#x1791;&#x17B8;&#x179C;&#x17B6;&#x179B;&#x1791;&#x17C5;&#x179B;&#x17BE;&#x179F;&#x17D2;&#x1793;&#x1794;&#x17CB;&#x1785;&#x17B6;&#x1780;&#x1795;&#x17D2;&#x1785;&#x17B7;&#x178F;&#x178A;&#x17C2;&#x179B;&#x1795;&#x179B;&#x17B7;&#x178F;&#x1793;&#x17C5;&#x1780;&#x17D2;&#x1793;&#x17BB;&#x1784;&#x179F;&#x17D2;&#x179A;&#x17BB;&#x1780;.</subfield>
  </datafield>
  <datafield tag="260" ind1=" " ind2=" ">
    <subfield code="a">Phnom Penh </subfield>
    <subfield code="b">RUA </subfield>
    <subfield code="c">2000</subfield>
  </datafield>
  <datafield tag="300" ind1=" " ind2=" ">
    <subfield code="a">xv; 67p.</subfield>
    <subfield code="b">ill.</subfield>
    <subfield code="c">29cm.</subfield>
  </datafield>
  <datafield tag="942" ind1=" " ind2=" ">
    <subfield code="2">ddc</subfield>
    <subfield code="c">ATM</subfield>
  </datafield>
  <datafield tag="999" ind1=" " ind2=" ">
    <subfield code="c">4208</subfield>
    <subfield code="d">4208</subfield>
  </datafield>
  <datafield tag="952" ind1=" " ind2=" ">
    <subfield code="0">0</subfield>
    <subfield code="1">0</subfield>
    <subfield code="2">ddc</subfield>
    <subfield code="4">0</subfield>
    <subfield code="6">ATM_CHU_2000_000000000000000_B191_OR_1</subfield>
    <subfield code="7">0</subfield>
    <subfield code="9">21237</subfield>
    <subfield code="a">LBB</subfield>
    <subfield code="b">LBB</subfield>
    <subfield code="c">B191</subfield>
    <subfield code="d">2015-12-08</subfield>
    <subfield code="o">ATM CHU 2000 B191 Or.1</subfield>
    <subfield code="p">RUA009327</subfield>
    <subfield code="r">2015-12-08</subfield>
    <subfield code="w">2015-12-08</subfield>
    <subfield code="y">ATM</subfield>
  </datafield>
  <datafield tag="952" ind1=" " ind2=" ">
    <subfield code="0">0</subfield>
    <subfield code="1">0</subfield>
    <subfield code="2">ddc</subfield>
    <subfield code="4">0</subfield>
    <subfield code="6">ATM_CHU_2000_000000000000000_B191_OR_2</subfield>
    <subfield code="7">0</subfield>
    <subfield code="9">21238</subfield>
    <subfield code="a">LBB</subfield>
    <subfield code="b">LBB</subfield>
    <subfield code="c">B191</subfield>
    <subfield code="d">2015-12-08</subfield>
    <subfield code="l">1</subfield>
    <subfield code="o">ATM CHU 2000 B191 Or.2</subfield>
    <subfield code="p">RUA009597</subfield>
    <subfield code="r">2025-07-18</subfield>
    <subfield code="s">2025-07-17</subfield>
    <subfield code="w">2015-12-08</subfield>
    <subfield code="y">ATM</subfield>
  </datafield>
  <datafield tag="952" ind1=" " ind2=" ">
    <subfield code="0">0</subfield>
    <subfield code="1">0</subfield>
    <subfield code="2">ddc</subfield>
    <subfield code="4">0</subfield>
    <subfield code="6">ATM_CHU_2000_000000000000000_B191_OR_3</subfield>
    <subfield code="7">0</subfield>
    <subfield code="9">21239</subfield>
    <subfield code="a">LBB</subfield>
    <subfield code="b">LBB</subfield>
    <subfield code="c">B191</subfield>
    <subfield code="d">2015-12-08</subfield>
    <subfield code="o">ATM CHU 2000 B191 Or.3</subfield>
    <subfield code="p">RUA009309</subfield>
    <subfield code="r">2015-12-08</subfield>
    <subfield code="w">2015-12-08</subfield>
    <subfield code="y">ATM</subfield>
  </datafield>
  <datafield tag="952" ind1=" " ind2=" ">
    <subfield code="0">0</subfield>
    <subfield code="1">0</subfield>
    <subfield code="2">ddc</subfield>
    <subfield code="4">0</subfield>
    <subfield code="6">ATM_CHU_2000_000000000000000_B191_OR_4</subfield>
    <subfield code="7">0</subfield>
    <subfield code="9">21240</subfield>
    <subfield code="a">LBB</subfield>
    <subfield code="b">LBB</subfield>
    <subfield code="c">B191</subfield>
    <subfield code="d">2015-12-08</subfield>
    <subfield code="l">1</subfield>
    <subfield code="o">ATM CHU 2000 B191 Or.4</subfield>
    <subfield code="p">RUA009699</subfield>
    <subfield code="r">2016-04-21</subfield>
    <subfield code="s">2016-03-15</subfield>
    <subfield code="w">2015-12-08</subfield>
    <subfield code="y">ATM</subfield>
  </datafield>
  <datafield tag="952" ind1=" " ind2=" ">
    <subfield code="0">0</subfield>
    <subfield code="1">0</subfield>
    <subfield code="2">ddc</subfield>
    <subfield code="4">0</subfield>
    <subfield code="6">ATM_CHU_2000_000000000000000_B191_OR_5</subfield>
    <subfield code="7">0</subfield>
    <subfield code="9">21241</subfield>
    <subfield code="a">LBB</subfield>
    <subfield code="b">LBB</subfield>
    <subfield code="c">B191</subfield>
    <subfield code="d">2015-12-08</subfield>
    <subfield code="o">ATM CHU 2000 B191 Or.5</subfield>
    <subfield code="p">RUA009379</subfield>
    <subfield code="r">2015-12-08</subfield>
    <subfield code="w">2015-12-08</subfield>
    <subfield code="y">ATM</subfield>
  </datafield>
</record>
